Rethinking innateness: a connectionist perspective on development

Gardado en:
Detalles Bibliográficos
Main Authors: Elman, Jeffrey L (Author), Bates, Elizabeth Ann (Author), Johnson, Mark H (Author), Karmiloff-Smith, Annette (Author), Parisi, Domenico (Author), Plunkett, Kim (Author)
Formato: Libro
Idioma:inglés
Publicado: Cambridge MIT 1998
Series:Neural Network Modeling and Connectionism, 10
Subjects:
Tags: Engadir etiqueta
Sen Etiquetas, Sexa o primeiro en etiquetar este rexistro!

MARC

LEADER 00000nam a2200000 a 4500
001 UCO8806
003 CL-VaPUC
008 010105e19980000US |||||||||||||||||eng|d
082 0 4 |a 155.7  |b ELM  |2 21 
100 0 |a Elman, Jeffrey L  |e author  |9 453714 
700 0 |a Bates, Elizabeth Ann  |e author  |9 453715 
700 0 |a Johnson, Mark H  |e author  |9 453716 
700 |a Karmiloff-Smith, Annette  |e author  |9 499010 
700 0 |a Parisi, Domenico  |e author  |9 453718 
700 0 |a Plunkett, Kim  |e author  |9 453719 
245 1 0 |a Rethinking innateness: a connectionist perspective on development 
300 |a 447 p 
942 |c BK 
945 |d 20010105 00:00:00  |a cmena 
260 |a Cambridge  |b MIT  |c 1998 
650 0 |a Psicología del desarrollo  |9 307541 
650 0 |a Naturaleza humana   |9 308593 
650 0 |a Teoría del conocimiento   |9 255038 
650 0 |a Neuropsicología  |9 270837 
583 |a last modification  |c 20190730 11:39:32  |k Rodrigo Vera 
490 0 |a Neural Network Modeling and Connectionism, 10 
999 |c 293266  |d 293264 
952 |0 0  |1 0  |4 0  |6 155_700000000000000_ELM_1998  |7 0  |8 A  |9 344713  |a FDOPOS  |b FDOPOS  |d 2019-11-20  |i 3680843  |o 155.7 ELM 1998  |p 3680843  |r 2025-01-22  |w 2019-11-20  |y BK  |k MLA 
952 |0 0  |1 0  |4 0  |6 155_700000000000000_ELM_1998  |7 0  |8 A  |9 344714  |a FDOPOS  |b FDOPOS  |d 2019-11-20  |i 3845079  |o 155.7 ELM 1998  |p 3845079  |r 2025-01-22  |w 2019-11-20  |y BK  |k MLA